[Event "BCF-chT2 0102 (4NCL)"]
[Site "Birmingham"]
[Date "2002.05.04"]
[Round "9.8"]
[White "Cast, Abigail"]
[Black "Kelly, Alexandra"]
[Result "1-0"]
[WhiteElo "2107"]
[BlackElo "1736"]
[PlyCount "127"]
[EventDate "2001.09.22"]
[EventType "team"]
[EventRounds "11"]
[EventCountry "ENG"]
[SourceTitle "EXT 2003"]
[Source "ChessBase"]
[SourceDate "2002.11.25"]
[SourceVersion "1"]
[SourceVersionDate "2002.11.25"]
[SourceQuality "1"]
[WhiteTeam "SW Dragons"]
[BlackTeam "Kings Head"]
[WhiteTeamCountry "ENG"]
[BlackTeamCountry "ENG"]

1. d4 Nf6 2. Nf3 g6 3. Bg5 Bg7 4. Nbd2 0-0 5. e3 c6 6. Bd3 d5 7. c4 Re8 8. 0-0 Nbd7 9. cxd5 cxd5 10. Qb3 Nb6 11. Rac1 Be6 12. Bf4 Rc8 13. a4 Ne4 14. a5 Nxd2 15. Nxd2 Na8 16. Qxb7 Qxa5 17. Nb3 Qb6 18. Ba6 Qxb7 19. Bxb7 Rxc1 20. Rxc1 Nb6 21. Nc5 Nc4 22. b3 Na5 23. Ba6 Bf5 24. Ra1 Nc6 25. Bb7 Nb4 26. Ra4 Nd3 27. Nxd3 Bxd3 28. Rxa7 e6 29. Bd6 Bf6 30. b4 Rd8 31. Bc5 Rd7 32. Bc6 Rd8 33. b5 Rb8 34. b6 Bd8 35. b7 Bc7 36. Ra8 f5 37. Ba7 Rf8 38. Rxf8+ Kxf8 39. b8Q+ Bxb8 40. Bxb8 Ke7 41. Be5 h5 42. f4 Be4 43. Kf2 Kd8 44. Kg3 Ke7 45. Kh3 Bd3 46. Kh4 Bf1 47. Kg5 Kf7 48. g3 Bg2 49. Bb5 Bf3 50. Bf1 Bg4 51. Kh4 Bf3 52. g4 Bxg4 53. Kg3 Bd1 54. Bb5 Ke7 55. Bc7 Bc2 56. Kf2 Be4 57. h4 Bc2 58. Ke1 Bb3 59. Kd2 Ba2 60. Kc3 Bb1 61. Kb4 Ba2 62. Kc5 Bb3 63. Bd6+ Kd8 64. Bf8 1-0

[Event "BCF-chT2 0102 (4NCL)"]
[Site "Birmingham"]
[Date "2002.01.19"]
[Round "5.8"]
[White "Kelly, Alexandra"]
[Black "Purton, Benjamin"]
[Result "1-0"]
[WhiteElo "1736"]
[BlackElo "1664"]
[PlyCount "111"]
[EventDate "2001.09.22"]
[EventType "team"]
[EventRounds "11"]
[EventCountry "ENG"]
[SourceTitle "EXT 2003"]
[Source "ChessBase"]
[SourceDate "2002.11.25"]
[SourceVersion "1"]
[SourceVersionDate "2002.11.25"]
[SourceQuality "1"]
[WhiteTeam "Kings Head"]
[BlackTeam "Slough II"]
[WhiteTeamCountry "ENG"]
[BlackTeamCountry "ENG"]

1. e4 c5 2. Nc3 Nc6 3. Bb5 e6 4. Bxc6 bxc6 5. d3 d5 6. f4 Ne7 7. Nf3 g6 8. 0-0 Bg7 9. Qe1 0-0 10. Na4 c4 11. dxc4 Ba6 12. Ne5 dxc4 13. Nc5 Bc8 14. c3 Qd6 15. Be3 Bxe5 16. fxe5 Qxe5 17. Qh4 Nf5 18. Qf4 Qxf4 19. Bxf4 Ng7 20. Rad1 Re8 21. Be5 f5 22. Rd4 a5 23. a4 fxe4 24. Nxe4 Rf8 25. Rfd1 Ne8 26. Rd8 h6 27. g3 g5 28. R1d2 g4 29. Rf2 Bb7 30. Rxa8 Bxa8 31. Nc5 Rxf2 32. Kxf2 Kf7 33. Ke3 Kg6 34. Kf4 h5 35. Bd4 Nd6 36. Ke5 Nb7 37. Nxe6 c5 38. Be3 Nd8 39. Nxd8 Bf3 40. Ne6 Bd1 41. Nxc5 h4 42. gxh4 Kh5 43. Bg5 Be2 44. Nb7 Bd1 45. Nxa5 Bxa4 46. Nxc4 g3 47. hxg3 Kg4 48. Bf4 Kh5 49. Nd6 Kg6 50. b4 Kg7 51. b5 Kf8 52. b6 Bc6 53. b7 Bxb7 54. Nxb7 Ke7 55. h5 Kf7 56. c4 1-0

[Event "BCF-chT2 0102 (4NCL)"]
[Site "Birmingham"]
[Date "2001.11.25"]
[Round "4.8"]
[White "Kelly, Alexandra"]
[Black "Martin, Katie"]
[Result "1/2-1/2"]
[WhiteElo "1736"]
[BlackElo "1448"]
[PlyCount "48"]
[EventDate "2001.09.22"]
[EventType "team"]
[EventRounds "11"]
[EventCountry "ENG"]
[SourceTitle "EXT 2003"]
[Source "ChessBase"]
[SourceDate "2002.11.25"]
[SourceVersion "1"]
[SourceVersionDate "2002.11.25"]
[SourceQuality "1"]
[WhiteTeam "Kings Head"]
[BlackTeam "Numerica 3CS"]
[WhiteTeamCountry "ENG"]
[BlackTeamCountry "ENG"]

1. e4 e5 2. Nf3 Nc6 3. Bb5 a6 4. Ba4 Nf6 5. 0-0 b5 6. Bb3 Bc5 7. Nxe5 Nxe5 8. d4 Bxd4 9. Qxd4 d6 10. c3 0-0 11. Bg5 h6 12. Bh4 c5 13. Bxf6 Qxf6 14. Qe3 Be6 15. Nd2 Bxb3 16. Nxb3 Nc4 17. Qe2 Rfe8 18. Rad1 Rad8 19. Rd5 Qe7 20. f3 Nb6 21. Rd2 d5 22. Rfd1 c4 23. Nd4 dxe4 24. Kf1 Qf6 1/2-1/2

[Event "Smith & Williamson YM-B 11th"]
[Site "Witley"]
[Date "2001.07.17"]
[Round "4"]
[White "Kelly, Alexandra"]
[Black "Purton, Benjamin"]
[Result "0-1"]
[WhiteElo "1672"]
[BlackElo "1632"]
[PlyCount "92"]
[EventDate "2001.07.13"]
[EventType "swiss"]
[EventRounds "11"]
[EventCountry "ENG"]
[SourceTitle "EXT 2005"]
[Source "ChessBase"]
[SourceDate "2004.11.15"]
[SourceVersion "1"]
[SourceVersionDate "2004.11.15"]
[SourceQuality "1"]

1. e4 c5 2. Nc3 Nc6 3. Bb5 e6 4. Bxc6 bxc6 5. f4 d5 6. e5 Ne7 7. d3 Nf5 8. Qf3 Ba6 9. Nge2 Qb6 10. b3 c4 11. dxc4 dxc4 12. Na4 Qa5+ 13. Bd2 Qd5 14. 0-0 Qxf3 15. Rxf3 cxb3 16. Nc1 bxc2 17. Rc3 Bb5 18. Nb2 Bb4 19. Rxc2 Nd4 20. Rc3 Bxc3 21. Bxc3 Ne2+ 22. Nxe2 Bxe2 23. Rc1 0-0 24. Bb4 Rfb8 25. Ba3 Bb5 26. Nc4 Bxc4 27. Rxc4 Rb1+ 28. Kf2 Rc8 29. Rc2 Rb5 30. Bc5 a6 31. a3 h6 32. Ke3 Rcb8 33. Bb4 a5 34. Bd6 Rc8 35. Kd4 f6 36. Rc5 Kf7 37. g4 a4 38. Kc4 fxe5 39. Bxe5 Rxc5+ 40. Kxc5 g6 41. h4 Ke7 42. g5 h5 43. Kb4 Ra8 44. Bf6+ Kd6 45. Kc4 Ra7 46. Bc3 c5 0-1

[Event "BCF-chT2 0001 (4NCL)"]
[Site "Birmingham"]
[Date "2001.05.06"]
[Round "10.8"]
[White "Chevannes, Sabrina"]
[Black "Kelly, Alexandra"]
[Result "1-0"]
[WhiteElo "1584"]
[BlackElo "1672"]
[PlyCount "63"]
[EventDate "2000.11.26"]
[EventType "team"]
[EventRounds "11"]
[EventCountry "ENG"]
[SourceTitle "CBM 079 Extra"]
[Source "ChessBase"]
[SourceDate "2001.01.11"]
[SourceVersion "2"]
[SourceVersionDate "2001.01.25"]
[SourceQuality "1"]
[WhiteTeam "Bristol II"]
[BlackTeam "Kigns Head"]
[WhiteTeamCountry "ENG"]
[BlackTeamCountry "ENG"]

1. d4 Nf6 2. Nf3 g6 3. Bg5 Bg7 4. Nbd2 0-0 5. c3 b6 6. e4 d5 7. Bd3 Bb7 8. Qe2 h6 9. Bh4 g5 10. Bg3 Nh5 11. Ng1 Nxg3 12. hxg3 dxe4 13. Bxe4 Bxe4 14. Qxe4 Nd7 15. f4 f6 16. Qg6 Qe8 17. Qd3 Rd8 18. Qc4+ Qf7 19. 0-0-0 c5 20. Ne2 cxd4 21. Nxd4 Nc5 22. Kc2 Rc8 23. Nf5 Ne6 24. Qe4 Rc7 25. Nxh6+ Bxh6 26. Rxh6 Nc5 27. Rg6+ Qg7 28. Rxg7+ Kxg7 29. Qe3 Rfc8 30. fxg5 Na4 31. gxf6+ exf6 32. Rh1 1-0

[Event "BCF-chT2 0001 (4NCL)"]
[Site "Birmingham"]
[Date "2001.03.18"]
[Round "8.8"]
[White "Norman, Dinah M"]
[Black "Kelly, Alexandra"]
[Result "1-0"]
[WhiteElo "2053"]
[BlackElo "1672"]
[PlyCount "95"]
[EventDate "2000.11.26"]
[EventType "team"]
[EventRounds "11"]
[EventCountry "ENG"]
[SourceTitle "CBM 079 Extra"]
[Source "ChessBase"]
[SourceDate "2001.01.11"]
[SourceVersion "2"]
[SourceVersionDate "2001.01.25"]
[SourceQuality "1"]
[WhiteTeam "Guildford II"]
[BlackTeam "Kigns Head"]
[WhiteTeamCountry "ENG"]
[BlackTeamCountry "ENG"]

1. d4 Nf6 2. Nf3 g6 3. Bg5 Bg7 4. Nbd2 d6 5. e4 0-0 6. Bd3 Nc6 7. c3 h6 8. Bh4 g5 9. Bg3 Nh5 10. 0-0 a6 11. a4 Rb8 12. a5 Kh8 13. Re1 e5 14. dxe5 Nxg3 15. hxg3 Nxe5 16. Nxe5 Bxe5 17. Qh5 Kg7 18. Nf3 Bf6 19. Nd4 c5 20. Nc2 Be6 21. Ne3 Qd7 22. g4 Rbc8 23. Nf5+ Bxf5 24. gxf5 c4 25. Bc2 Qb5 26. Reb1 Rfe8 27. Ba4 Qc5 28. Bxe8 Rxe8 29. Qf3 Qb5 30. g4 Qb3 31. Qg2 Be5 32. f3 Bf4 33. Re1 Re5 34. Qf2 Kf6 35. Kg2 Ke7 36. Re2 Rb5 37. Qa7 Rc5 38. Qb8 Qb5 39. Qh8 Rc7 40. Qxh6 Qe5 41. Rd1 Rc5 42. Rd4 d5 43. Qb6 Rb5 44. Qh6 Rxa5 45. f6+ Ke6 46. exd5+ Rxd5 47. Rxe5+ Rxe5 48. Re4 1-0

[Event "BCF-chT2 0001 (4NCL)"]
[Site "Birmingham"]
[Date "2001.01.28"]
[Round "6.8"]
[White "Kelly, Alexandra"]
[Black "Lazhevskaya, Zhanni"]
[Result "0-1"]
[WhiteElo "1672"]
[BlackElo "2042"]
[PlyCount "70"]
[EventDate "2000.11.26"]
[EventType "team"]
[EventRounds "11"]
[EventCountry "ENG"]
[SourceTitle "CBM 079 Extra"]
[Source "ChessBase"]
[SourceDate "2001.01.11"]
[SourceVersion "2"]
[SourceVersionDate "2001.01.25"]
[SourceQuality "1"]
[WhiteTeam "Kigns Head"]
[BlackTeam "Wood Green II"]
[WhiteTeamCountry "ENG"]
[BlackTeamCountry "ENG"]

1. e4 e5 2. Nf3 Nc6 3. Bb5 Bc5 4. 0-0 Nd4 5. Nxd4 Bxd4 6. c3 Bb6 7. Qh5 Qe7 8. d3 Nf6 9. Qg5 c6 10. Bc4 d6 11. Be3 h6 12. Qxg7 Rg8 13. Qxh6 Ng4 14. Qh7 Qf8 15. Bxb6 axb6 16. h3 Nh6 17. f4 d5 18. fxe5 Rh8 19. Qg6 fxg6 20. Rxf8+ Rxf8 21. exd5 cxd5 22. Bxd5 Nf5 23. Na3 Ra5 24. c4 Ne7 25. Be4 Rxe5 26. Re1 Kd8 27. Rf1 Rxf1+ 28. Kxf1 Bf5 29. Bxf5 Nxf5 30. Kf2 Nd4 31. Nb5 Nxb5 32. cxb5 Rxb5 33. b3 Ke7 34. Ke3 Ra5 35. a4 b5 0-1

[Event "BCF-chT2 0001 (4NCL)"]
[Site "Birmingham"]
[Date "2000.11.26"]
[Round "4.8"]
[White "Summerscale, Claire"]
[Black "Kelly, Alexandra"]
[Result "1-0"]
[WhiteElo "1792"]
[BlackElo "1672"]
[PlyCount "81"]
[EventDate "2000.11.26"]
[EventType "team"]
[EventRounds "11"]
[EventCountry "ENG"]
[SourceTitle "CBM 079 Extra"]
[Source "ChessBase"]
[SourceDate "2001.01.11"]
[SourceVersion "2"]
[SourceVersionDate "2001.01.25"]
[SourceQuality "1"]
[WhiteTeam "NW Eagles"]
[BlackTeam "Kigns Head"]
[WhiteTeamCountry "ENG"]
[BlackTeamCountry "ENG"]

1. d4 Nf6 2. Nc3 g6 3. e4 d6 4. Bg5 Bg7 5. Nf3 0-0 6. Qd2 e5 7. dxe5 dxe5 8. Qxd8 Rxd8 9. Nd5 Nbd7 10. Nxc7 Rb8 11. Rd1 Rf8 12. Bb5 Nc5 13. Be3 b6 14. Nxe5 Nfxe4 15. Nc6 Rb7 16. Nd5 Bxb2 17. Nce7+ Kg7 18. Bc6 Rb8 19. Bf4 Nc3 20. Be5+ f6 21. Bxc3 Bxc3+ 22. Nxc3 Ba6 23. f3 Rf7 24. Ned5 Rc8 25. Nb4 Re7+ 26. Kf2 Bc4 27. Bd5 Ne6 28. Nc6 Rec7 29. Bxc4 Rxc6 30. Bxe6 Rxe6 31. Rd7+ Kg8 32. Ne4 Rxc2+ 33. Rd2 Rc4 34. Rhd1 Ra4 35. Nc3 Ra3 36. Nb5 Ra5 37. Rb1 Kf7 38. Rd7+ Re7 39. Rxe7+ Kxe7 40. Rb2 h5 41. Ke2 1-0

[Event "BCF-chT2 0001 (4NCL)"]
[Site "Birmingham"]
[Date "2000.11.25"]
[Round "3.8"]
[White "Kelly, Alexandra"]
[Black "Jeffries, Majid"]
[Result "1-0"]
[WhiteElo "1672"]
[BlackElo "2008"]
[PlyCount "79"]
[EventDate "2000.11.26"]
[EventType "team"]
[EventRounds "11"]
[EventCountry "ENG"]
[SourceTitle "CBM 079 Extra"]
[Source "ChessBase"]
[SourceDate "2001.01.11"]
[SourceVersion "2"]
[SourceVersionDate "2001.01.25"]
[SourceQuality "1"]
[WhiteTeam "Kigns Head"]
[BlackTeam "Slough II"]
[WhiteTeamCountry "ENG"]
[BlackTeamCountry "ENG"]

1. e4 c5 2. Nc3 Nc6 3. Bb5 g6 4. Bxc6 bxc6 5. f4 Bg7 6. Nf3 d6 7. 0-0 Ba6 8. d3 e6 9. Qe1 Ne7 10. f5 gxf5 11. exf5 e5 12. Ng5 Nd5 13. Nge4 Nxc3 14. Qxc3 Bf6 15. Be3 Rb8 16. Nxf6+ Qxf6 17. Rae1 Kd7 18. Bxc5 Rb5 19. Qa3 Rxc5 20. Qxa6 Rxc2 21. Qxa7+ Kc8 22. Rc1 Rc5 23. Rxc5 dxc5 24. Rc1 Rd8 25. Rxc5 Rd7 26. Qa6+ Kd8 27. Qa5+ Kc8 28. Rxe5 Rxd3 29. Qa6+ Kc7 30. Qxd3 Qxe5 31. Qg3 Qxg3 32. hxg3 Kd6 33. Kf2 Ke5 34. g4 Kd4 35. Ke2 c5 36. Kd2 Kc4 37. g5 Kd4 38. g3 Ke5 39. a4 Kxf5 40. a5 1-0

[Event "BCF-chT2 0001 (4NCL)"]
[Site "Birmingham"]
[Date "2000.09.23"]
[Round "1.8"]
[White "Gilbert, Jessie"]
[Black "Kelly, Alexandra"]
[Result "1/2-1/2"]
[WhiteElo "2066"]
[BlackElo "1672"]
[PlyCount "79"]
[EventDate "2000.11.26"]
[EventType "team"]
[EventRounds "11"]
[EventCountry "ENG"]
[SourceTitle "CBM 079 Extra"]
[Source "ChessBase"]
[SourceDate "2001.01.11"]
[SourceVersion "2"]
[SourceVersionDate "2001.01.25"]
[SourceQuality "1"]
[WhiteTeam "PER"]
[BlackTeam "Kigns Head"]
[WhiteTeamCountry "ENG"]
[BlackTeamCountry "ENG"]

1. d4 Nf6 2. c4 g6 3. Nc3 Bg7 4. e4 d6 5. f3 0-0 6. Be3 e5 7. d5 c6 8. Qd2 cxd5 9. cxd5 a6 10. Bd3 h6 11. g4 Kh7 12. Nge2 Bd7 13. Ng3 b5 14. g5 Ng8 15. gxh6 Bxh6 16. h4 Qf6 17. h5 g5 18. Nf5 Ne7 19. Rg1 Rg8 20. Rg3 Nxf5 21. exf5 Bxf5 22. Bxf5+ Qxf5 23. Ne4 f6 24. Nxd6 Qd7 25. Ne4 Qf7 26. 0-0-0 Nd7 27. Nd6 Qxh5 28. Qg2 Qg6 29. Rh1 Rac8+ 30. Nxc8 Rxc8+ 31. Kd1 Qb1+ 32. Ke2 Rc2+ 33. Bd2 Qxb2 34. Rd1 g4 35. Ke1 Nc5 36. Qe2 Bxd2+ 37. Rxd2 Qc1+ 38. Qd1 Qxd1+ 39. Kxd1 Rxd2+ 40. Kxd2 1/2-1/2

[Event "BCF-chT2 9900 (4NCL)"]
[Site "Birmingham"]
[Date "2000.03.26"]
[Round "8.8"]
[White "Partington, Anna G"]
[Black "Kelly, Alexandra"]
[Result "0-1"]
[WhiteElo "1496"]
[BlackElo "1576"]
[PlyCount "134"]
[EventDate "1999.10.??"]
[EventType "team"]
[EventRounds "11"]
[EventCountry "ENG"]
[SourceTitle "EXT 2001"]
[Source "ChessBase"]
[SourceDate "2000.11.22"]
[SourceVersion "1"]
[SourceVersionDate "2000.11.22"]
[SourceQuality "1"]
[WhiteTeam "South County Stars"]
[BlackTeam "Kings Head"]
[WhiteTeamCountry "ENG"]
[BlackTeamCountry "ENG"]

1. e4 c5 2. c3 d5 3. exd5 Qxd5 4. d4 Nf6 5. Nf3 Bg4 6. Be2 Nc6 7. 0-0 e6 8. Be3 cxd4 9. Nxd4 Bxe2 10. Qxe2 Be7 11. Nd2 0-0 12. Rfd1 Nxd4 13. Bxd4 Rfd8 14. Nf3 Qe4 15. Qd3 b6 16. Ne5 Rd6 17. Re1 Qxd3 18. Nxd3 Rad8 19. b4 Nd5 20. Ne5 f6 21. Nd3 e5 22. Rac1 Kf7 23. Nxe5+ fxe5 24. Bxe5 Re6 25. Kf1 Bf6 26. Bxf6 Rxe1+ 27. Kxe1 Kxf6 28. g3 Rc8 29. Kd2 Rc7 30. a3 Kf5 31. f3 g5 32. c4 Nf6 33. c5 b5 34. Re1 h5 35. Re3 Rd7+ 36. Rd3 Rc7 37. Re3 g4 38. f4 Ne4+ 39. Kc2 h4 40. Rd3 Nf6 41. Rd6 hxg3 42. hxg3 Ne4 43. Rd5+ Kf6 44. Kd3 Nxg3 45. Rg5 Rd7+ 46. Ke3 Nf5+ 47. Ke2 Re7+ 48. Kd2 g3 49. Rg8 Ng7 50. Rf8+ Kg6 51. f5+ Nxf5 52. c6 Ng7 53. Rf1 Nf5 54. Re1 g2 55. Rg1 Nh4 56. c7 Rxc7 57. Ke2 Rf7 58. a4 bxa4 59. b5 Rf5 60. Ra1 Kg5 61. Rg1 Kg4 62. Ra1 Kg3 63. Ra3+ Kh2 64. Rxa4 Rh5 65. Rxa7 g1Q 66. Re7 Qg4+ 67. Kf1 Rf5+ 0-1

[Event "BCF-chT2 9899 (4NCL)"]
[Site "England"]
[Date "1999.05.03"]
[Round "11.8"]
[White "Kelly, Alexandra"]
[Black "Norman, Dinah M"]
[Result "0-1"]
[WhiteElo "1400"]
[BlackElo "2064"]
[PlyCount "156"]
[EventDate "1998.10.??"]
[EventType "team"]
[EventRounds "11"]
[EventCountry "ENG"]
[SourceTitle "EXT 2000"]
[Source "ChessBase"]
[SourceDate "1999.11.16"]
[SourceVersion "1"]
[SourceVersionDate "1999.11.16"]
[SourceQuality "1"]
[WhiteTeam "Kings Head"]
[BlackTeam "Guildford"]
[WhiteTeamCountry "ENG"]
[BlackTeamCountry "ENG"]

1. e4 c6 2. d4 d5 3. Nd2 dxe4 4. Nxe4 Nd7 5. Bc4 Ngf6 6. Nxf6+ Nxf6 7. Nf3 Bf5 8. c3 e6 9. 0-0 Be7 10. h3 Nd5 11. Bd3 Bxd3 12. Qxd3 0-0 13. Ne5 Rc8 14. f4 c5 15. Kh1 cxd4 16. Qxd4 Bc5 17. Qe4 f5 18. Qe2 Rf6 19. c4 Nb6 20. b3 Qc7 21. Bb2 Rh6 22. Rad1 Rd8 23. Rxd8+ Qxd8 24. Rd1 Qc7 25. Qd2 Be7 26. Nd7 Qc6 27. Kh2 Qe4 28. Nxb6 axb6 29. Be5 Rg6 30. Re1 Qc6 31. Re3 Bh4 32. Rd3 h6 33. Rf3 Qe4 34. Qd3 Qe1 35. Bc3 Qc1 36. Qd2 Qa3 37. Bd4 Qd6 38. Qd3 Qc6 39. Be5 Qc5 40. Qd6 Qa5 41. a3 Qe1 42. Qd3 Bf2 43. Rxf2 Qxf2 44. Qf3 Qxf3 45. gxf3 Kf7 46. h4 h5 47. Bd4 Ke8 48. b4 Kd7 49. Bxb6 e5 50. Be3 exf4 51. Bxf4 Ra6 52. Bc1 Rd6 53. Kg3 g6 54. c5 Rd1 55. Bb2 Kc6 56. a4 Kd5 57. Kf4 Kc4 58. Be5 Kxb4 59. Bd6 Kxa4 60. Kg5 Rg1+ 61. Kh6 Kb5 62. Be7 f4 63. Bg5 Kxc5 64. Kxg6 Rg3 65. Kxh5 Rxf3 66. Kg4 Rf1 67. Bxf4 Rh1 68. Be3+ Kd5 69. h5 b5 70. Bd2 Ke4 71. Kg5 Kd3 72. Bb4 Kc4 73. Be7 b4 74. Kg6 b3 75. Bf6 Kd5 76. h6 Ke6 77. h7 Rxh7 78. Kxh7 Kxf6 0-1